Т. 1; Теория линейного и целочисленного программирования

Detaylı Bibliyografya
Parent link:Теория линейного и целочисленного программирования: в 2 т./ А. Схрейвер. Т. 1.— , 1991.— 5-03-002753-X
Dil:Rusça
Baskı/Yayın Bilgisi: 1991
Konular:
Materyal Türü: Kitap
KOHA link:https://koha.lib.tpu.ru/cgi-bin/koha/opac-detail.pl?biblionumber=32015

MARC

LEADER 00000nam2a2200000 4500
001 32015
005 20231101210054.0
010 |a 5030027548 
035 |a (RuTPU)RU\TPU\book\32310 
035 |a BOOK00000060 
090 |a 32015 
100 |a 20011210d1991 k y0rusy50 ca 
101 1 |a rus  |c eng 
102 |a RU 
105 |a y z 000zy 
200 0 |a Т. 1 
210 |d 1991 
215 |a 360 с. 
461 1 |0 (RuTPU)RU\TPU\book\170513  |y 5-03-002753-X  |t Теория линейного и целочисленного программирования  |o в 2 т.  |o пер. с англ.  |f А. Схрейвер  |v Т. 1  |d 1991 
606 1 |a Линейное программирование  |2 stltpush  |3 (RuTPU)RU\TPU\subj\40176  |9 60041 
610 1 |a математика 
610 1 |a математическое программирование 
610 1 |a алгоритмы 
610 1 |a целочисленность 
675 |a 519.852  |v 3 
801 0 |a RU  |b 63413507  |c 20011210  |g PSBO 
801 2 |a RU  |b 63413507  |c 20170117  |g PSBO 
942 |c BK